MARC details
| 000 -LEADER |
| fixed length control field |
02028cam a2200541 a 4500 |
| 001 - CONTROL NUMBER |
| control field |
21974 |
| 003 - CONTROL NUMBER IDENTIFIER |
| control field |
VRT |
| 005 - DATE AND TIME OF LATEST TRANSACTION |
| control field |
20260317074224.0 |
| 008 - FIXED-LENGTH DATA ELEMENTS--GENERAL INFORMATION |
| fixed length control field |
240621s1996 xo cr 000 j slo |
| 015 ## - NATIONAL BIBLIOGRAPHY NUMBER |
| National bibliography number |
SNBA1996/1002908 |
| 020 ## - INTERNATIONAL STANDARD BOOK NUMBER |
| International Standard Book Number |
8006006849 |
| 035 ## - SYSTEM CONTROL NUMBER |
| System control number |
SNK000162633 |
| 035 ## - SYSTEM CONTROL NUMBER |
| System control number |
urn:nbn:sk:snk-amkf7c |
| 035 ## - SYSTEM CONTROL NUMBER |
| System control number |
urn:nbn:sk:snk-am003ukz |
| 035 ## - SYSTEM CONTROL NUMBER |
| System control number |
63799BEC-5E0B-46D1-B274-D34505662F47 |
| 039 #9 - LEVEL OF BIBLIOGRAPHIC CONTROL AND CODING DETAIL [OBSOLETE] |
| Level of rules in bibliographic description |
202407091330 |
| Level of effort used to assign nonsubject heading access points |
AUTHORITY |
| Level of effort used to assign subject headings |
202406240949 |
| Level of effort used to assign classification |
msnk24 |
| Level of effort used to assign subject headings |
202406211114 |
| Level of effort used to assign classification |
VLOAD |
| Level of effort used to assign subject headings |
202406200853 |
| Level of effort used to assign classification |
VLOAD |
| 040 ## - CATALOGING SOURCE |
| Original cataloging agency |
SNK |
| Language of cataloging |
slo |
| Transcribing agency |
SNK |
| Description conventions |
AACR2 |
| 041 1# - LANGUAGE CODE |
| Language code of text/sound track or separate title |
slo |
| Language code of original |
ger |
| 044 ## - COUNTRY OF PUBLISHING/PRODUCING ENTITY CODE |
| MARC country code |
xo |
| ISO country code |
SK |
| 072 #7 - SUBJECT CATEGORY CODE |
| Subject category code |
821.112.2-3 |
| Subject category code subdivision |
Nemecká próza, nemecky písaná |
| Source |
konspekt |
| 072 #7 - SUBJECT CATEGORY CODE |
| Subject category code |
821-93 |
| Subject category code subdivision |
Literatúra pre deti a mládež (beletria) |
| Source |
konspekt |
| 080 ## - UNIVERSAL DECIMAL CLASSIFICATION NUMBER |
| Universal Decimal Classification number |
821.112.2(436)-3(087.5) |
| Edition identifier |
2001 |
| 080 ## - UNIVERSAL DECIMAL CLASSIFICATION NUMBER |
| Universal Decimal Classification number |
821.112.2-32 |
| Edition identifier |
2011 |
| 080 ## - UNIVERSAL DECIMAL CLASSIFICATION NUMBER |
| Universal Decimal Classification number |
(0:82-322.4) |
| Edition identifier |
2011 |
| 080 ## - UNIVERSAL DECIMAL CLASSIFICATION NUMBER |
| Universal Decimal Classification number |
82-93-053.4/.5 |
| Edition identifier |
2011 |
| 100 1# - MAIN ENTRY--PERSONAL NAME |
| Personal name |
Friedrich, Joachim, |
| Dates associated with a name |
1953- |
| Relationship |
aut |
| 240 10 - UNIFORM TITLE |
| Uniform title |
4 ½ Freude |
| Language of a work |
Slovensky |
| 245 10 - TITLE STATEMENT |
| Title |
Na horúcej stope |
| Remainder of title |
4 1/2 priateľa |
| Statement of responsibility, etc. |
Joachim Friedrich ; preložila Marta Ličková |
| 246 3# - VARYING FORM OF TITLE |
| Title proper/short title |
Vier ½ Freude |
| 260 ## - PUBLICATION, DISTRIBUTION, ETC. |
| Place of publication, distribution, etc. |
Bratislava |
| Name of publisher, distributor, etc. |
Mladé letá |
| Date of publication, distribution, etc. |
1996 |
| 300 ## - PHYSICAL DESCRIPTION |
| Extent |
128 s. |
| Dimensions |
21 cm |
| 500 ## - GENERAL NOTE |
| General note |
Pravdepodobne preložené z nemčiny |
| 521 1# - TARGET AUDIENCE NOTE |
| Target audience note |
Pre čitateľov od 9 rokov |
| 655 #7 - INDEX TERM--GENRE/FORM |
| Genre/form data or focus term |
nemecké príbehy |
| Source of term |
SNKPH |
| 655 #7 - INDEX TERM--GENRE/FORM |
| Genre/form data or focus term |
detektívne príbehy |
| Source of term |
SNKPH |
| 655 #7 - INDEX TERM--GENRE/FORM |
| Genre/form data or focus term |
literatúra pre deti |
| Source of term |
SNKPH |
| 700 1# - ADDED ENTRY--PERSONAL NAME |
| Personal name |
Ličková, Marta, |
| Dates associated with a name |
1926- |
| Relationship |
trl |
| 911 ## - EQUIVALENCE OR CROSS-REFERENCE-CONFERENCE OR MEETING NAME [LOCAL, CANADA] |
| Meeting name or jurisdiction name as entry element |
KN 1996/10 |
| Number [OBSOLETE] |
02908 |
| 942 ## - ADDED ENTRY ELEMENTS (KOHA) |
| Source of classification or shelving scheme |
Dewey Decimal Classification |
| Koha item type |
Krásna literatúra pre deti |
| Suppress in OPAC |
No |
| 949 ## - LOCAL PROCESSING INFORMATION (OCLC) |
| 6 |
273K0231536 |
| a |
svkpoA 167928 |
| b |
svkpo417124 |
| 949 ## - LOCAL PROCESSING INFORMATION (OCLC) |
| 6 |
270001000028432 |
| a |
svkbbA 91466 |
| p |
603.171 |
| 949 ## - LOCAL PROCESSING INFORMATION (OCLC) |
| 6 |
3869A08966 |
| a |
bpksh830(02.053.2)-31 |
| b |
bpksh44782 |
| 949 ## - LOCAL PROCESSING INFORMATION (OCLC) |
| 9 |
P60, <09>, [BOOK], {629} |
| a |
snkC 1204 |
| b |
snk2266/960717 |
| 949 ## - LOCAL PROCESSING INFORMATION (OCLC) |
| 6 |
17A0006353 |
| 9 |
P60, <03>, [BOOK], {603} |
| a |
snkSC 90826 |
| b |
snkKSP 5567/96 |
| s |
6100:20140925 |
| 949 ## - LOCAL PROCESSING INFORMATION (OCLC) |
| 6 |
17A0006352 |
| 9 |
P60, <04>, [BOOK], {604} |
| a |
snkSC 90826 D1 |
| b |
snkKSP 5568/96 |